Stranger Things Trivia #C - Statistics

General Stats
  • This quiz has been taken 36 times
  • The average score is 10 of 15
Answer Stats
Hint Answer % Correct
Name of Wills fort in the woods Castle Byers
96%
Alexeis favorite flavor Cherry
96%
Where Max moves to Hawkins from California
93%
Dustins demodog eats his __ Cat
93%
First of Vecnas victims, Eddie is blamed for her death Chrissy Cunningham
93%
What Eleven crushes in the lab as an experiment Coca Cola can
86%
Hawkins High science teacher Scott Clarke
82%
What does Holly call the place where she and Max are stuck in? Camazotz
75%
Name of Dustins mom Claudia
68%
Police officer working in Hawkins Phil Callahan
64%
According to Hopper what are mornings for? Coffee and contemplation
50%
Lonnies partner Cynthia
36%
What is the name of Dustin's far-reaching HAM radio? Cerebro
25%
Signals urgency over the Supercom Code Red
21%
Street in Hawkins near which Will goes missing Cornwallis
7%
No matching quizzes found
Score Distribution
Percent of People with Each Score
Percentile by Number Answered
Your Score History
You have not taken this quiz